The bartered bride collection : 9 complete stories / Cathy Marie Hake ... [et al.].
Entering into marriage without love is not the dream of most brides, but nine women from days gone by commit to saying I do before they barely know their grooms. Four sisters travel in answer to an ad before even corresponding with potential husbands. Two women bend to the will of their parents in taking husbands. A widow commits to a stranger in name only. And two women on the Oregon Trail hitch their lives to men they ve just met. Amid the angst brought on by conveniently arranged marriage, can love be found and firmed by faith?
Record details
- ISBN: 9781620291559
- ISBN: 162029155X
- Physical Description: 445 pages : illustrations (some color) ; 23 cm
- Publisher: Uhrichsville, Ohio : Barbour Pub., ©2012
Content descriptions
| General Note: | "9 historical stories of arranged marriages"--Cover. |
| Formatted Contents Note: | Joie de vivre / by Lynette Sowell -- Button string bride / by Cathy Marie Hake -- The wedding wagon / by Cathy Marie Hake -- From halter to alter / by Cathy Marie Hake -- From carriage to marriage / by Janelle Burnham Schneider -- From pride to bride / by JoAnn A. Grote -- From alarming to charming / by Pamela Kaye Tracy -- A vow unbroken / by Amy Ronlie -- Finishing touches / by Kelly Eileen Hake. |
Search for related items by subject
| Subject: | Arranged marriage > Fiction. Mail order brides > Fiction. |
| Genre: | Historical fiction. Christian fiction. Romance fiction. |
Available copies
- 1 of 1 copy available at scottsboropl.
Holds
- 0 current holds with 1 total copy.
Show Only Available Copies
| Location | Call Number / Copy Notes | Barcode | Shelving Location | Status | Due Date |
|---|---|---|---|---|---|
| scottsboropl | F Bar | 32269000970171 | Adult - Fiction | Available | - |
| LDR | 01926cam a2200337 a 4500 | ||
|---|---|---|---|
| 001 | 140342 | ||
| 003 | SBPL | ||
| 005 | 20160105064953.0 | ||
| 008 | 130322s2012 ohua 000 1 eng d | ||
| 010 | . | ‡a 2012285091 | |
| 020 | . | ‡a9781620291559 ‡q(pbk.) | |
| 020 | . | ‡a162029155X ‡q(pbk.) | |
| 035 | . | ‡a(CONS)140342 | |
| 035 | . | ‡a(OCoLC)816513753 ‡z(OCoLC)793221405 ‡z(OCoLC)927372113 ‡z(OCoLC)1305082885 | |
| 050 | 0 | 0. | ‡aPS648.L6 ‡bB37 2012 |
| 082 | 0 | 4. | ‡a813/.08508 ‡223 |
| 100 | 0. | ‡aHake,Cathy Marie. : ‡eauthor | |
| 245 | 0 | 4. | ‡aThe bartered bride collection : ‡b9 complete stories / ‡cCathy Marie Hake ... [et al.]. |
| 260 | . | ‡aUhrichsville, Ohio : ‡bBarbour Pub., ‡c©2012 | |
| 300 | . | ‡a445 pages : ‡billustrations (some color) ; ‡c23 cm | |
| 336 | . | ‡atext ‡btxt ‡2rdacontent | |
| 337 | . | ‡aunmediated ‡bn ‡2rdamedia | |
| 338 | . | ‡avolume ‡bnc ‡2rdacarrier | |
| 500 | . | ‡a"9 historical stories of arranged marriages"--Cover. | |
| 505 | 0 | 0. | ‡tJoie de vivre / ‡rby Lynette Sowell -- ‡tButton string bride / ‡rby Cathy Marie Hake -- ‡tThe wedding wagon / ‡rby Cathy Marie Hake -- ‡tFrom halter to alter / ‡rby Cathy Marie Hake -- ‡tFrom carriage to marriage / ‡rby Janelle Burnham Schneider -- ‡tFrom pride to bride / ‡rby JoAnn A. Grote -- ‡tFrom alarming to charming / ‡rby Pamela Kaye Tracy -- ‡tA vow unbroken / ‡rby Amy Ronlie -- ‡tFinishing touches / ‡rby Kelly Eileen Hake. |
| 520 | . | ‡aEntering into marriage without love is not the dream of most brides, but nine women from days gone by commit to saying I do before they barely know their grooms. Four sisters travel in answer to an ad before even corresponding with potential husbands. Two women bend to the will of their parents in taking husbands. A widow commits to a stranger in name only. And two women on the Oregon Trail hitch their lives to men they ve just met. Amid the angst brought on by conveniently arranged marriage, can love be found and firmed by faith? | |
| 650 | 0. | ‡aArranged marriage ‡vFiction. | |
| 650 | 0. | ‡aMail order brides ‡vFiction. | |
| 655 | 7. | ‡aHistorical fiction. | |
| 655 | 7. | ‡aChristian fiction. ‡2lcgft | |
| 655 | 7. | ‡aRomance fiction. ‡2lcgft | |
| 700 | 1 | 2. | ‡aSowell, Lynette. ‡tJoie de vivre. |
| 700 | 1 | 2. | ‡aHake, Cathy Marie. ‡tButton string bride. |
| 700 | 1 | 2. | ‡aHake, Cathy Marie. ‡tWedding wagon. |
| 700 | 1 | 2. | ‡aHake, Cathy Marie. ‡tFrom halter to altar. |
| 700 | 1 | 2. | ‡aSchneider, Janelle Burnham. ‡tFrom carriage to marriage. |
| 700 | 1 | 2. | ‡aGrote, JoAnn A. ‡tFrom pride to bride. |
| 700 | 1 | 2. | ‡aTracy, Pamela Kaye. ‡tFrom alarming to charming. |
| 700 | 1 | 2. | ‡aRognlie, Amy. ‡tVow unbroken. |
| 700 | 1 | 2. | ‡aHake, Kelly Eileen. ‡tFinishing touches. |
| 901 | . | ‡a140342 ‡bUnknown ‡c140342 ‡tbiblio | |